|
|
|
|
| LEADER |
00000cam a2200000 7i4500 |
| 001 |
0000084285 |
| 005 |
20191111.0 |
| 008 |
191111 |
| 020 |
|
|
|a 9789672083252
|
| 041 |
0 |
|
|a English
|
| 090 |
0 |
0 |
|a JF
|b ENG
|
| 100 |
0 |
|
|a Suhaimi Mamat ,
|d 1974-
|
| 245 |
0 |
0 |
|a Sinbad the sailor
|c Suhaimi Bin Mamat
|
| 260 |
|
|
|a Johor :
|b Perbadanan Perpustakaan Awam Johor ,
|c 2019
|
| 300 |
|
|
|a 14 p. :
|b col.,ill. ;
|c 26 cm.
|
| 500 |
|
|
|a Children ages 7-9 years old (orange)
|
| 541 |
0 |
0 |
|c Purchased on 2019
|f PPAJ
|
| 650 |
|
0 |
|a Children's stories, English
|
| 650 |
|
0 |
|a English fiction
|
| 710 |
1 |
|
|a Perbadanan Perpustakaan Awam Johor
|
| 999 |
|
|
|a 0001595828
|b 35mm Slides
|c Children Collection
|e Cawangan Muar
|
| 999 |
|
|
|a 0001595829
|b Book
|c Children Collection
|e Cawangan Muar
|
| 999 |
|
|
|a 0001595830
|b Book
|c Children Collection
|e Cawangan Muar
|
| 999 |
|
|
|a 0001595831
|b Book
|c Children Collection
|e Cawangan Muar
|
| 999 |
|
|
|a 0001595832
|b Book
|c Children Collection
|e Cawangan Muar
|
| 999 |
|
|
|a 0001595833
|b Book
|c Children Collection
|e Cawangan Muar
|
| 999 |
|
|
|a 0001595834
|b Book
|c Children Collection
|e Cawangan Muar
|
| 999 |
|
|
|a 0001595835
|b Book
|c Children Collection
|e Cawangan Muar
|
| 999 |
|
|
|a 0001595836
|b Book
|c Children Collection
|e Cawangan Muar
|
| 999 |
|
|
|a 0001595837
|b Book
|c Children Collection
|e Cawangan Muar
|
| 999 |
|
|
|a 0001617278
|b Book
|c Children Collection
|e Cawangan Pontian
|
| 999 |
|
|
|a 0001617279
|b Book
|c Children Collection
|e Cawangan Pontian
|
| 999 |
|
|
|a 0001617280
|b Book
|c Children Collection
|e Cawangan Pontian
|
| 999 |
|
|
|a 0001617281
|b Book
|c Children Collection
|e Cawangan Kota Tinggi
|
| 999 |
|
|
|a 0001617282
|b Book
|c Children Collection
|e Cawangan Kota Tinggi
|
| 999 |
|
|
|a 0001617283
|b Book
|c Children Collection
|e Cawangan Kota Tinggi
|
| 999 |
|
|
|a 0001617284
|b Book
|c Children Collection
|e Cawangan Kota Tinggi
|
| 999 |
|
|
|a 0001617285
|b Book
|c Children Collection
|e Cawangan Kota Tinggi
|
| 999 |
|
|
|a 0001617286
|b Book
|c Children Collection
|e Cawangan Bandar Tenggara
|
| 999 |
|
|
|a 0001617287
|b Book
|c Children Collection
|e Cawangan Bandar Tenggara
|
| 999 |
|
|
|a 0001617288
|b Book
|c Baby
|e Cawangan Taman Sri Lambak
|
| 999 |
|
|
|a 0001617289
|b Book
|c Children Collection
|e Cawangan Bukit Gambir
|
| 999 |
|
|
|a 0001617290
|b Book
|c Children Collection
|e Cawangan Tmn. Ungku Tun Aminah
|
| 999 |
|
|
|a 0001617291
|b Book
|c Children Collection
|e Cawangan Tmn. Ungku Tun Aminah
|
| 999 |
|
|
|a 0001617292
|b Book
|c Children Collection
|e Cawangan Tmn. Ungku Tun Aminah
|
| 999 |
|
|
|a 0001617293
|b Book
|c Children Collection
|e Cawangan Tmn. Ungku Tun Aminah
|
| 999 |
|
|
|a 0001617294
|b Book
|c Children Collection
|e Cawangan Tmn. Ungku Tun Aminah
|
| 999 |
|
|
|a 0001617295
|b Book
|c Children Collection
|e Cawangan Tangkak
|
| 999 |
|
|
|a 0001617296
|b Book
|c Children Collection
|e Cawangan Tangkak
|
| 999 |
|
|
|a 0001617297
|b Book
|c Children Collection
|e Cawangan Pontian
|
| 999 |
|
|
|a 0001617298
|b Book
|c Children Collection
|e Cawangan Segamat
|
| 999 |
|
|
|a 0001617299
|b Book
|c Children Collection
|e Cawangan Segamat
|
| 999 |
|
|
|a 0001617300
|b Book
|c Children Collection
|e Cawangan Segamat
|
| 999 |
|
|
|a 0001617301
|b Book
|c Children Collection
|e Cawangan Segamat
|
| 999 |
|
|
|a 0001617302
|b Book
|c Children Collection
|e Cawangan Segamat
|
| 999 |
|
|
|a 0001617303
|b Book
|c Children Collection
|e Cawangan Tangkak
|
| 999 |
|
|
|a 0001617304
|b Book
|c Children Collection
|e Cawangan Tangkak
|
| 999 |
|
|
|a 0001617305
|b Book
|c Children Collection
|e Cawangan Tangkak
|
| 999 |
|
|
|a 0001617306
|b Book
|c Children Collection
|e Cawangan Pontian
|
| 999 |
|
|
|a 0001617307
|b Book
|c Children Collection
|e Cawangan Taman Universiti
|
| 999 |
|
|
|a 0001617308
|b Book
|c Children Collection
|e Cawangan Taman Universiti
|
| 999 |
|
|
|a 0001617309
|b Book
|c Children Collection
|e Cawangan Taman Universiti
|
| 999 |
|
|
|a 0001617310
|b Book
|c Children Collection
|e Cawangan Taman Universiti
|
| 999 |
|
|
|a 0001617311
|b Book
|c Children Collection
|e Cawangan Taman Universiti
|
| 999 |
|
|
|a 0001617312
|b Book
|c Children Collection
|e Cawangan Muar
|
| 999 |
|
|
|a 0001617313
|b Book
|c Children Collection
|e Cawangan Muar
|
| 999 |
|
|
|a 0001617314
|b Book
|c Children Collection
|e Cawangan Muar
|
| 999 |
|
|
|a 0001617315
|b Book
|c Children Collection
|e Cawangan Muar
|
| 999 |
|
|
|a 0001617316
|b Book
|c Children Collection
|e Cawangan Muar
|
| 999 |
|
|
|a 0001617317
|b Book
|c Children Collection
|e Cawangan Mersing
|
| 999 |
|
|
|a 0001617318
|b Book
|c Children Collection
|e Cawangan Mersing
|
| 999 |
|
|
|a 0001617319
|b Book
|c Children Collection
|e Cawangan Mersing
|
| 999 |
|
|
|a 0001617320
|b Book
|c Children Collection
|e Cawangan Mersing
|
| 999 |
|
|
|a 0001617321
|b Book
|c Children Collection
|e Cawangan Mersing
|
| 999 |
|
|
|a 0001617322
|b Book
|c Children Collection
|e Cawangan Taman Sri Lambak
|
| 999 |
|
|
|a 0001617323
|b Book
|c Children Collection
|e Cawangan Taman Sri Lambak
|
| 999 |
|
|
|a 0001617324
|b Book
|c Children Collection
|e Cawangan Taman Sri Lambak
|
| 999 |
|
|
|a 0001617325
|b Book
|c Annual Reports
|e Cawangan Taman Sri Lambak
|
| 999 |
|
|
|a 0001617326
|b Book
|c Children Collection
|e Cawangan Bandar Tenggara
|
| 999 |
|
|
|a 0001617327
|b Book
|c Children Collection
|e Cawangan Bandar Tenggara
|
| 999 |
|
|
|a 0001617328
|b Book
|c Children Collection
|e Cawangan Bandar Tenggara
|
| 999 |
|
|
|a 0001617329
|b Book
|c Children Collection
|e Cawangan Bukit Gambir
|
| 999 |
|
|
|a 0001617330
|b Book
|c Children Collection
|e Cawangan Bukit Gambir
|
| 999 |
|
|
|a 0001617331
|b Book
|c Children Collection
|e Cawangan Bukit Gambir
|
| 999 |
|
|
|a 0001617332
|b Book
|c Children Collection
|e Cawangan Bukit Gambir
|
| 999 |
|
|
|a 0001617338
|b Book
|c Children Collection
|e Cawangan Bandar Penawar
|
| 999 |
|
|
|a 0001617339
|b Book
|c Children Collection
|e Cawangan Bandar Penawar
|
| 999 |
|
|
|a 0001617340
|b Book
|c Children Collection
|e Cawangan Bandar Penawar
|
| 999 |
|
|
|a 0001617341
|b Book
|c Children Collection
|e Cawangan Bandar Penawar
|
| 999 |
|
|
|a 0001617342
|b Book
|c Children Collection
|e Cawangan Batu Pahat
|
| 999 |
|
|
|a 0001617343
|b Book
|c Children Collection
|e Cawangan Batu Pahat
|
| 999 |
|
|
|a 0001617344
|b Book
|c Children Collection
|e Cawangan Batu Pahat
|
| 999 |
|
|
|a 0001617345
|b Book
|c Children Collection
|e Cawangan Batu Pahat
|
| 999 |
|
|
|a 0001617346
|b Book
|c Children Collection
|e Cawangan Batu Pahat
|
| 999 |
|
|
|a 0001617347
|b Book
|c Children Collection
|e Cawangan Bandar Penawar
|
| 999 |
|
|
|a 0001618600
|b Book
|c Children Collection
|e Cawangan AEON Kulaijaya
|
| 999 |
|
|
|a 0001618601
|b Book
|c Children Collection
|e Cawangan AEON Kulaijaya
|
| 999 |
|
|
|a 0001618602
|b Book
|c Children Collection
|e Cawangan AEON Kulaijaya
|
| 999 |
|
|
|a 0001618603
|b Book
|c Children Collection
|e Cawangan AEON Kulaijaya
|
| 999 |
|
|
|a 0001618604
|b Book
|c Children Collection
|e Cawangan AEON Kulaijaya
|
| 999 |
|
|
|a 0001618605
|b Book
|c Children Collection
|e Cawangan Urban Transformation Centre
|
| 999 |
|
|
|a 0001618606
|b Book
|c Children Collection
|e Cawangan Urban Transformation Centre
|
| 999 |
|
|
|a 0001618607
|b Book
|c Children Collection
|e Cawangan Urban Transformation Centre
|
| 999 |
|
|
|a 0001618608
|b Book
|c Children Collection
|e Cawangan Urban Transformation Centre
|
| 999 |
|
|
|a 0001618609
|b Book
|c Children Collection
|e Cawangan Urban Transformation Centre
|
| 999 |
|
|
|a 0001618730
|b Book
|c Children Collection
|e Perbadanan Perpustakaan Awam Johor
|